00640nam a2200217 a 450000100060000000300090000600800410001502000150005604000280007108200090009910000250010824500310013326000390016430000100020349000390021350000430025259000470029565000510034294200120039399900170040520240CO-ViMGA141112s2004 ck r 000 u spa d a8420458376 aCO-ViMGAbspacCO-ViMGA aPESt1 aPescetti, Luis Maria10aLa Tarea según Natacha  aBuenos Aires : bAlfaguara, c2000 a31 p. aColección Derechos del niño; 7 aDerecho a la Educación y el juego.  aForma de adquisición : Premio Mincultura14aCUENTOS INFANTILES - DERECHOS DEL NIÑO93238 2ddccBK c10932d10932